000 00547nam a2200133Ia 4500
008 100328s9999 xx 000 0 und d
082 _b54195
100 _aकोप्पीकर गौ.रा.
245 _aाान्योत्पादन वाढविण्याचे मार्ग
260 _bउदयम
630 _aाान्योत्पादन वाढविण्याचे मार्ग
730 _aाान्योत्पादन वाढविण्याचे मार्ग
942 _cBOOK
999 _c540915
_d540912